Normal view
MARC view
- Mehmood,Hafiz Ahsan
Entry Personal Name
001 - CONTROL NUMBER
- control field: 26456
003 - CONTROL NUMBER IDENTIFIER
- control field: NUST
005 - DATE AND TIME OF LATEST TRANSACTION
- control field: 20191204093603.0
008 - FIXED-LENGTH DATA ELEMENTS
- fixed length control field: 191204|| aca||aabn | a|a d
040 ## - CATALOGING SOURCE
- Original cataloging agency: NUST
- Transcribing agency: NUST
100 ## - HEADING--PERSONAL NAME
- Personal name: Mehmood,Hafiz Ahsan
670 ## - SOURCE DATA FOUND
- Source citation: Work cat.: (NUST): Mehmood,Hafiz Ahsan, Exploring the potential of max-doas instrument for atmospheric monitoring on NO2 concentration during the time period of 2014-2018, 2019
